Omosessualità a Napoli tra tolleranza e repressione /

Gardado en:
Detalles Bibliográficos
Autor Principal: Wenner, Tommaso (Author)
Formato: Libro
Idioma:Lingua italiana
Publicado: Napoli : Società editrice napoletana, [1985?]
Tags: Engadir etiqueta
Sen Etiquetas, Sexa o primeiro en etiquetar este rexistro!

MARC

LEADER 00000nam a22000007i 4500
001 IT\ICCU\UBO\3460948
003 ItRI
005 20260115232354.0
008 080723s1985 it |||||| ||||| |||||c
040 |b ita  |c importazione bologna sebina 
041 7 |a ita  |2 ISO-639-2 
100 1 |a Wenner, Tommaso  |0 IT\ICCU\UBOV\253208  |4 aut 
245 1 0 |a Omosessualità a Napoli tra tolleranza e repressione /  |c Tommaso Wenner. 
260 |a Napoli :  |b Società editrice napoletana,  |c [1985?] 
300 |a P. 23-32 ;  |c 24 cm 
500 |a Estr. da: Sessualità e sessuologia nel sud : atti del convegno organizzato dalla sezione campana della Società Italiana di sessuologia clinica / a cura di Rita Mattace Raso. 
942 |2 ddc  |c BK  |n 0 
952 |0 0  |1 0  |4 0  |6 DOC_306_766000000000000_WEN  |7 0  |9 24982  |a BO  |b BO  |d 2026-01-15  |i 1682  |l 0  |o DOC 306.766 WEN  |p BO1682  |r 2026-01-15 23:23:54  |w 2026-01-15  |x [Sebina 7] [1 v. (Con dedica manoscr. dell'autore)]  |y BK  |z 1 v. (Con dedica manoscr. dell'autore) 
999 |c 21227  |d 21227